000 01226cam a2200325 a 4500
001 12543536
003 ARRUPE
005 20160826110503.0
008 010924s2001 miu b 001 0 eng d
010 _a 2001275342
020 _a0802839142
035 _a(OCoLC)ocm46916583
040 _aDWT
_cDWT
_dVHB
_dDLC
042 _alccopycat
043 _an-us---
050 0 0 _aBX7260.E3
_bH59 2000
082 0 0 _a230/.58/092
_221
100 1 _aHolmes, Stephen R.
_912386
245 1 0 _aGod of grace and God of glory :
_ban account of the theology of Jonathan Edwards /
_cStephen R. Holmes.
246 1 8 _aGod of grace & God of glory
260 _aGrand Rapids, Mich. :
_bWilliam B. Eerdmans Pub. Co.,
_c2001.
300 _axiv, 289 p. ;
_c23 cm.
500 _aRevision of the author's thesis (doctoral--Spurgeon's College).
504 _aIncludes bibliographical references (p. [273]-284) and index.
600 1 0 _aEdwards, Jonathan,
_d1703-1758.
_925516
650 0 _aTheology, Doctrinal
_zUnited States
_xHistory
_y18th century.
_92116
906 _a7
_bcbc
_ccopycat
_d2
_encip
_f20
_gy-gencatlg
942 _2lcc
_cMONOGRAPH
999 _c125146
_d125146